• Tanant Maurice

di Personal Name

Records bibliografici associati: 1

001 - CONTROL NUMBER

  • control field: 55715

003 - CONTROL NUMBER IDENTIFIER

  • control field: IT-RoPau

005 - DATE AND TIME OF LATEST TRANSACTION

  • control field: 20151204111007.0

008 - FIXED-LENGTH DATA ELEMENTS

  • fixed length control field: 151204|| aca||aabn | a|a d

040 ## - CATALOGING SOURCE

  • Original cataloging agency: IT-RoPau
  • Transcribing agency: IT-RoPau

100 ## - HEADING--PERSONAL NAME

  • Personal name: Tanant Maurice
  • Relator term: (regista)
  • Miscellaneous information: Codice regista SPICS: 35343

670 ## - SOURCE DATA FOUND

  • Source citation: Work cat.: (IT-RoPau)108447: Tanant Maurice Codice regista SPICS: 35343 55712, MESSE A MEAUX: CATHEDRALE SAINT ETIENNE-AVENT 91 (DIMANCHE 4.EME DE L'AVENT) MESSE A MEAUX: CATHEDRALE SAINT ETIENNE-AVENT 91 (DIMANCHE 4.EME DE L'AVENT) (Rif. Codice opera principale : A3994), "1991 (1° ed.: 1991 ; Ed. Lingua Orig.: 1991)"
CREDITS: SOCIETA' SAN PAOLO Via A.Severo, 58 - ROMA (RM) & PERIODICI SAN PAOLO SRL Via Giotto, 36 MILANO & CISF Via Giotto, 36 MILANO & EDIZIONI SAN PAOLO SRL,  Piazza Soncino, 5 CINISELLO BALSAMO (MI) -- ITALY